The Waiver Of Taxes And Duties For The Awoshie Pokuase Road construction And Community Development Project (Section 2: KM3+000-KM15+120) (Record no. 4745)

MARC details
000 -LEADER
fixed length control field 00663nam a22001697a 4500
003 - CONTROL NUMBER IDENTIFIER
control field OSt
005 - DATE AND TIME OF LATEST TRANSACTION
control field 20241203121417.0
008 - FIXED-LENGTH DATA ELEMENTS--GENERAL INFORMATION
fixed length control field 241112b |||||||| |||| 00| 0 eng d
041 ## - LANGUAGE CODE
Language code of text/sound track or separate title English
082 ## - DEWEY DECIMAL CLASSIFICATION NUMBER
Classification number PM/CDP/14 Acc No 10,154
100 ## - MAIN ENTRY--PERSONAL NAME
Personal name SETH E. Terkper And AMIN Amidu Sulemani
110 ## - MAIN ENTRY--CORPORATE NAME
Corporate name or jurisdiction name as entry element Minister Of Finance And Minister Of Roads And Highways
245 ## - TITLE STATEMENT
Title The Waiver Of Taxes And Duties For The Awoshie Pokuase Road construction And Community Development Project (Section 2: KM3+000-KM15+120)
300 ## - PHYSICAL DESCRIPTION
Extent 14p
650 ## - SUBJECT ADDED ENTRY--TOPICAL TERM
Source of heading or term The Awoshie Pokuase Road construction And Community Development Project (Section 2: KM3+000-KM15+120)
942 ## - ADDED ENTRY ELEMENTS (KOHA)
Source of classification or shelving scheme Dewey Decimal Classification
Koha item type Memorandum
Suppress in OPAC No
Holdings
Withdrawn status Lost status Source of classification or shelving scheme Damaged status Not for loan Home library Current library Shelving location Date acquired Total checkouts Full call number Date last seen Copy number Price effective from Koha item type
    Dewey Decimal Classification     Main Library Main Library Open Shelves 12/11/2024   PM/CDP/14 Acc No 10,154 C1 12/11/2024 1 12/11/2024 Memorandum
    Dewey Decimal Classification     Main Library Main Library Open Shelves 03/12/2024   PM/CDP/14 Acc No 10154 C2 03/12/2024 2 03/12/2024 Memorandum
©2026  Parliament of Ghana Library - All rights reserved